Cálculo de seguros / por Antonio Torrents y Monner y Fernando Boter y Maurí

per Torrents y Monner, Antonio

Publicat: Barcelona : Bayer Hermanos , 1912
Descripció física: 126 p. ; 24 cm

MARC

LEADER 00000nam a2200000Ia 4500
001 18636
008 160829s1912 xx 000 0 cat d
080 |a RF-3-46 
100 |a Torrents y Monner, Antonio  |9 47342 
245 |a Cálculo de seguros / por Antonio Torrents y Monner y Fernando Boter y Maurí 
260 |a Barcelona :  |b Bayer Hermanos,  |c 1912 
300 |a 126 p. ;  |c 24 cm 
590 |a Prové de 3265, exp. 6 
700 |a Boter y Maurí, Fernando  |9 47343 
856 4 |u https://media.diba.cat/diba/fitxers/arxiu/fulletons/bib_18636_1912_baixa.pdf  |y Accés lliure 
856 4 |u https://media.diba.cat/diba/fitxers/arxiu/fulletons/bib_18636_1912_baixa.pdf  |y Accés lliure 
901 |a Arxiu 
942 |n 1  |2 udc 
952 |0 0  |1 0  |4 0  |6 RF346  |7 1  |9 53823  |a Arxiu  |b Arxiu  |d 2016-12-01  |l 0  |o RF-3-46  |p 18636  |r 2016-12-01 00:00:00  |w 2016-12-01  |y ARXIU 
999 |c 57689  |d 57689 
900 |a bib_18636_1912_baixa.pdf